|
|
|
|
| LEADER |
00628nab a2200145 i 4500 |
| 001 |
delm77796 |
| 005 |
20180928084339.0 |
| 008 |
180928s1961 hu o 0|| hun d |
| 040 |
|
|
|a SZTE Délmagyarország Archívum
|b hun
|
| 041 |
|
|
|a hun
|
| 245 |
0 |
0 |
|a "Telt ház" tapsolt a Szabadtéri Játékok idei második előadásán is
|h [elektronikus dokumentum] :
|b vasárnap megtekintette a Bánk bán bemutatóját Kállai Gyula elvtárs : [fényképpel]
|
| 260 |
|
|
|c 1961-07-25
|
| 300 |
|
|
|a 1
|
| 490 |
0 |
|
|a Délmagyarország
|v 51 No. 173
|
| 695 |
|
|
|a Gripozov, Mitko, Kállai Gyula, Papazov, Natcho, Szabadtéri Játékok, Külföldi vendégek Szeged 1961
|